000 00337nam a22001451a 4500
082 _aM2
_bCHE/S
100 _aCherukad
245 _aSnehabandhangal/
_cby Cherukad
260 _aThrissur:
_bCurrent Books,
_c1998.
300 _a87p.
650 _aDrama Malayalam
650 _aLiterature Malayalam
650 _aLiterature
942 _cBK
999 _c42413
_d42413